000 00723nam a2200265 i 4500
001 bg
100 1 _aKIFNER, Tadeusz
245 1 0 _aKomputer w przedsiębiorstwie :
_bpraca w biurze : DOS, Windows 95 i 3.1, Word, Excel /
_cTadeusz Kifner.
260 _aGdańsk :
_bOśrodek Doradztwa i Doskonalenia Kadr,
_ccop.2000.
300 _a255 s. ;
_c24 cm.
650 9 _aKomputery
_xobsługa i eksploatacja
650 9 _aDOS
650 9 _aWindows 95
650 9 _aWindows 3.1
650 9 _aWord
650 9 _aExcel
655 _aPodręczniki
020 _a8371870485
040 _cBPK
041 0 _apl
080 _a004(07)
920 _a83-71870-48-5
942 _cKS
008 s pl f |000 0 pol
999 _c37552
_d37552
856 _uhttp://koha.tu.koszalin.pl/cgi-bin/koha/opac-detail.pl?biblionumber=37552
_yKatalog online BPK